Quizzes
Events
Quiz Creation
Community
Videos
Private Events
Remove Ads
Sign In
Join for FREE
Feedback
Dark Mode
Quiz Categories
Sports
Geography
Music
Movies
Television
Just For Fun
Miscellaneous
History
Literature
Language
Science
Gaming
Entertainment
Religion
Holiday
For Kids
Quiz Lab
Recent
Popular Today
Quiz Kudos Today
Editor Picks
Curator Picks
Quizzes by...
Day
Popularity
Type
Ratings
Length
Year
Community
Subscriptions
Recent Discussions
Orange Saloon
Badges
Playlists
Quests
Create
Leaderboards
Showdown
Live 5
Trivia Bingo
Activity
Puzzle Library
Sporcle Events
Private Events
Virtual Trivia
Globe League
Become a Host
Pub Owners
SporcleCon
Opinionation
Our Games
Videos
Blog
Mobile Apps
Partnerships
Remove Ads and Go Orange
Feedback
Movies
Disney
Marvel Cinematic Universe
Movie Resume
Movie Titles
Oscar
Actor
Actress
Director
Pixar
Role
Movie Quotes
Movie Characters
Box Office
Nominee
Best Picture
Star Wars
James Bond
Horror Movies
Movies
Disney
Marvel Cinematic Universe
Movie Resume
Movie Titles
Oscar
Actor
Actress
Director
Pixar
Role
Movie Quotes
Movie Characters
Box Office
Nominee
Best Picture
Star Wars
James Bond
Horror Movies
Random Quiz
Search Sporcle
×
Quiz Lab
Quiz Lab
Movies
Quote
Type in answers that appear in a list
Type in answers that appear in a list
Classic
Best Score? Go Orange.
Back to the Future Part III Quotes Stats
Can you name the BTTF 3 quotes?
By
tonee
7m
21 Questions
366 Plays
366 Plays
366 Plays
Comments
Comments
Give Quiz Kudos
Give Quiz Kudos
-
- Ratings
hide this ad
Forced Order
Answers have to be entered in order
Answers have to be entered in order
Replay
Link that replays current quiz
Next Quiz
Link to next quiz in quiz playlist
You Got
0%
They Got
Avg Score
63%
Avg Friend Score
Upgrade to see
Score Distribution
Jump to the score distribution portion of the page
Score
0/21
Timer
07:00
0
Plays Today
% Correct
80
86.9%
Shoot
84.7%
Horse
83.9%
Wake up
77.3%
Telescope
76.8%
Dance
75.1%
Whiskey
75.1%
Baby
74%
Doody
73.2%
Water
72.1%
Peed
68%
% Correct
Lighten
64.5%
Blacksmith
64.2%
Silver
62.8%
Name's
62.3%
Runt
52.7%
Frisbee
47.8%
Gumption
38.5%
Breezed
37.2%
Presto
33.3%
Calvary
29.2%
Quiz Playlist
Details
Report
Send in Message
Add To Playlist
Classic:
Type in answers that appear in a list
Forced Order:
Answers have to be entered in order
Last Updated: Feb 16, 2017
Quiz Scoreboard
CHALLENGE
Sign Up to Join the Scoreboard
Show All
Scores
Hide
Comments
May contain spoilers
Recently Published
Presidents Visiting Landmarks
by Hejman
History
7m
An Introduction to Baseball
by treessimontrees
Sports
5m
Movies - When Are They Set?
by FPL_Elf
Movies
5m
More to Explore
Quiz From the Vault
Featured Blog Post
Where Did the Easter Bunny Come From?
hide this ad
You Might Also Like...
Tags
Quote Quiz
Back to the Future
future
Today's Top Quizzes in Movies
Browse Movies
hide this ad
Today's Top Quizzes in Quote
Browse Quote
Top Contributed Quizzes in Movies
1
Pick 5 Posters: Directed by Spielberg
2
Pick 5 Posters: Lowest-Rated Spielberg
3
7-to-1: Pixar Characters
4
Multi-Oscar Nominations, One Movie, One Winner
5
Pick 5 Posters: Directed by Scorsese
6
12 Movies about Fictional 1960s Events
7
Pick 5 Posters: Star & Director
8
Sorting Actors
9
Sorting Actresses
10
One Thing in Common: Movies
Explore More
Trending Topics
Marvel
NBA
Kpop
Harry Potter
Disney
Anime
Crossword
Country
WWE
Pokémon
Puzzle
The Office
NFL
Soccer
Song
hide this ad
More By:
tonee
Quiz
Plays
Rating
Category
Featured
Created
A-Z of Back to the Future
2,722
2.13
Movies
Apr 28, 2011
One Tree Hill Season 7 Quotes
1,154
5.00
Television
Jan 23, 2012
Back to the Future Part 1
871
3.50
Movies
Apr 26, 2011
Back to the Future Part II
554
1.83
Movies
Apr 29, 2011
Back to the Future Part 1 Quotes
542
3.25
Movies
Apr 26, 2011
Go to Creator's Profile
Score Distribution
Quiz Creator Spotlight
tonee
Follow
Send a Message
Quizzes Created
-
Created Quiz Play Count
-
More By This Creator
Popular Quizzes Today
1
Find the US States - No Outlines Minefield
2
Find the Countries of Europe - No Outlines Minefield
3
The Countries of the World
4
Find the US States
5
Popular People in 1961
6
US States
7
Risky Map Clicking: Biggest States A-Z
8
1-10 Letter E Words III
More Movies Quizzes
Movie Teachers by Film Blitz
Published
Trending Quizzes
Risky Map Clicking: Least Populous States A-Z
1-10 Letter G Words
1-10 Letter F Words
One Thing in Common: United Kingdom
Risky Map Clicking: Next State Alphabetically
Recently Updated
Leaping Animals
pecheneg
Reality TV Shows (A-Z)
bhenderson79
Rickey Henderson's Hall of Fame Teammates
pecheneg
Champions League XIs: Arsenal
pecheneg
Quick Pick: Celebrities in WWE's Hall of Fame
aduchscher
A-Z Keypad Blitz II
pecheneg
Multiple Oscar Actors
pecheneg
Mystery Phrase Blitz: Oscar 'Best Actors'
pecheneg
F. Scott Fitzgerald Novels
LTH
Pick 3 Villains
ddd62291
Trending Topics
Marvel
NBA
Disney
Harry Potter
Kpop
Anime
Crossword
Pokémon
Soccer
The Office
Puzzle
NFL
Country
WWE
Song
Your Account Isn't Verified!
In order to create a playlist on Sporcle, you need to verify the email address you used during registration. Go to your
Sporcle Settings
to finish the process.
Report this User
Report this user for behavior that violates our
Community Guidelines
.
Details:
Send Report
Go to the Sporcle.com Mobile Site →
Comments